| 000 | 00512nam a22001937a 4500 | ||
|---|---|---|---|
| 003 | MPLRDC | ||
| 005 | 20220104114709.0 | ||
| 008 | 210129b ||||| |||| 00| 0 eng d | ||
| 020 | _a962-231-689-1 | ||
| 082 | _a083.6 SJML v.10 | ||
| 100 | _a张玉安、唐孟生、薛克翘主编 | ||
| 245 |
_a情场心战. 袖珍巧计 _c |
||
| 250 | _a初版 | ||
| 260 |
_a _b中华书局 _c1994 |
||
| 300 | _b平 | ||
| 490 | _a世界谋略大全. 10 | ||
| 650 | _a现代丛书--通俗用 | ||
| 942 |
_cBK _o083.6 SJML v.10 |
||
| 999 |
_c9516 _d9506 |
||